A woman of passion : the life of E. Nesbit 1858-1924
| Main Author: | |
|---|---|
| Format: | Book |
| Published: |
London :
Hutchinson ,
1987
|
| Subjects: |
MARC
| LEADER | 00000cam a2200000 7i4500 | ||
|---|---|---|---|
| 001 | 0000000532 | ||
| 002 | 000000617 | ||
| 005 | 20080125.0 | ||
| 020 | |a T000000115 | ||
| 090 | 0 | 0 | |a 823.8 |b BRI |
| 100 | 1 | |a Briggs, Julia | |
| 245 | 1 | 2 | |a A woman of passion : |b the life of E. Nesbit 1858-1924 |c Julia Briggs |
| 260 | |a London : |b Hutchinson , |c 1987 | ||
| 300 | |a 473p | ||
| 600 | 0 | 0 | |a Nesbit, E. |x Biography |
| 999 | |a 3470 |b BUKU |c PINJAMAN |e PERPUSTAKAAN KOMUNITI PETALING JAYA | ||